Visualizzazione normale
Vista MARC
- Inni orfici
di Uniform Title
Records bibliografici associati: 1
001 - CONTROL NUMBER
- control field: 57213
003 - CONTROL NUMBER IDENTIFIER
- control field:
005 - DATE AND TIME OF LATEST TRANSACTION
- control field: 20180514163843.0
008 - FIXED-LENGTH DATA ELEMENTS
- fixed length control field: 180514|| aca||aabn | a|a d
040 ## - CATALOGING SOURCE
- Original cataloging agency:
- Transcribing agency:
130 ## - HEADING--UNIFORM TITLE
- Uniform title: Inni orfici
- Form subdivision: Traduzione in italiano.
670 ## - SOURCE DATA FOUND
- Source citation: Work cat.: ()0: Inni orfici /, 2000.